000
00283nam a22001217a 4500
008
170525b xxu||||| |||| 00| 0 eng d
041
_a
ger
080
_a
621.3
100
_a
26
101
_a
IM
245
_a
SCHALTKREISSYSTEME SIMATIC N UND SIMATIC NB
_c
KUNZE,V.H
942
_2
udc
_c
BK
999
_c
14244
_d
14244